000 00347 a2200157 4500
001 154713
040 _cEscola São Tomás de Aquino
100 _aMOTA, Carlos Guilherme
240 1 0 _aRevolução Francesa
_lpor
245 1 0 _aRevolução Francesa
300 _a39
362 0 _a2014
440 1 _aÁtica
697 _aHISTÓRIA
942 _cBK
999 _c154713
_d154713